Mathematics and technology (Record no. 3235)
[ view plain ]
| 000 -LEADER | |
|---|---|
| fixed length control field | 00796nam a22002537a 4500 |
| 003 - CONTROL NUMBER IDENTIFIER | |
| control field | OSt |
| 005 - DATE AND TIME OF LATEST TRANSACTION | |
| control field | 20220107122720.0 |
| 008 - FIXED-LENGTH DATA ELEMENTS--GENERAL INFORMATION | |
| fixed length control field | 130819b xxu||||| |||| 00| 0 eng d |
| 020 ## - INTERNATIONAL STANDARD BOOK NUMBER | |
| International Standard Book Number | 9780387692159 |
| 040 ## - CATALOGING SOURCE | |
| Transcribing agency | IIITM-K |
| 082 ## - DEWEY DECIMAL CLASSIFICATION NUMBER | |
| Classification number | 510 ROU/M |
| 100 ## - MAIN ENTRY--PERSONAL NAME | |
| Personal name | Rousseau, Christiane |
| 9 (RLIN) | 1821 |
| 245 ## - TITLE STATEMENT | |
| Title | Mathematics and technology |
| Statement of responsibility, etc. | by Christiane Rousseau, Yvan Saint-Aubin, translated by Chris Hamilton |
| 260 ## - PUBLICATION, DISTRIBUTION, ETC. | |
| Place of publication, distribution, etc. | New York, |
| Name of publisher, distributor, etc. | Springer, |
| Date of publication, distribution, etc. | 2008. |
| 300 ## - PHYSICAL DESCRIPTION | |
| Extent | xv,580p. |
| 440 ## - SERIES STATEMENT/ADDED ENTRY--TITLE | |
| Title | Springer undergraduate texts in mathematics and technology |
| 9 (RLIN) | 1822 |
| 650 ## - SUBJECT ADDED ENTRY--TOPICAL TERM | |
| Topical term or geographic name entry element | MATHEMATICS |
| 9 (RLIN) | 1823 |
| 650 ## - SUBJECT ADDED ENTRY--TOPICAL TERM | |
| Topical term or geographic name entry element | COMPUTER SCIENCE |
| 9 (RLIN) | 1824 |
| 650 ## - SUBJECT ADDED ENTRY--TOPICAL TERM | |
| Topical term or geographic name entry element | PUBLIC KEY CRYPTOGRAPHY |
| 9 (RLIN) | 1825 |
| 650 ## - SUBJECT ADDED ENTRY--TOPICAL TERM | |
| Topical term or geographic name entry element | GLOBAL POSITIONING SYSTEM |
| 9 (RLIN) | 1826 |
| 650 ## - SUBJECT ADDED ENTRY--TOPICAL TERM | |
| Topical term or geographic name entry element | GPS |
| 9 (RLIN) | 2401 |
| 700 ## - ADDED ENTRY--PERSONAL NAME | |
| Personal name | Saint-Aubin, Yvan |
| 9 (RLIN) | 1827 |
| 942 ## - ADDED ENTRY ELEMENTS (KOHA) | |
| Source of classification or shelving scheme | Dewey Decimal Classification |
| Koha item type | Books |
| Withdrawn status | Lost status | Source of classification or shelving scheme | Damaged status | Not for loan | Collection code | Home library | Current library | Shelving location | Date acquired | Cost, normal purchase price | Total Checkouts | Full call number | Barcode | Date last seen | Price effective from | Koha item type |
|---|---|---|---|---|---|---|---|---|---|---|---|---|---|---|---|---|
| Dewey Decimal Classification | Mathematics | Kerala University of Digital Sciences, Innovation and Technology Knowledge Centre | Kerala University of Digital Sciences, Innovation and Technology Knowledge Centre | Mathematics | 19/08/2013 | 2731.00 | 510 ROU/M | 2897 | 03/12/2020 | 19/08/2013 | Books |